Statistics for Countries by President

Click here to take the quiz!

General Stats

  • This quiz has been taken 1,099 times
  • The average score is 12 of 15

Answer Stats

TitleNameTerm of OfficeAnswer% Correct
PresidentDonald Trump2016-presentUnited States
100%
Prime MinisterWinston Churchill1940-1945 and 1951-1955United Kingdom
98%
ChancellorAngela Merkel2005-presentGermany
97%
PresidentMao Zedong1954-1959China
94%
DictatorKim Jong ll1994-2011North Korea
94%
DictatorBenito Mussolini1925-1943Italy
93%
PresidentNicolas Sarkozy2007-2012France
88%
PresidentDmitry Medvedev2008-2011Russia
88%
DictatorMuammar Qaddafi1969-2011Libya
87%
DictatorFrancisco Franco1939-1975Spain
85%
Prime MinisterJulia Gillard2010-2013Australia
61%
DictatorIdi Amin Dada1971-1979Uganda
61%
PresidentDilma Rousseff2011-2016Brazil
53%
PresidentMauricio Macri2015-presentArgentina
48%
PresidentAndris Bērziņš2011-2015Latvia
27%

Score Distribution

Percentile by Number Answered

Percent of People with Each Score

Your Score History

You have not taken this quiz